000 00411pab a2200145 454500
008 180718b1991 xxu||||| |||| 00| 0 eng d
100 _aSchram, Sanford F.
245 _aWelfare spending and poverty
_bCutting back produces more poverty, not less
260 _c1991
300 _a129-42
362 _aApr.
650 _aPublic Welfare
773 _aAmerican Journal of Economics and Sociology
909 _a16766
999 _c16766
_d16766